LEADER 00965cam0 22002531 450 001 SOBE00057297 005 20171106134424.0 100 $a20171106d1994 |||||ita|0103 ba 101 $ager 102 $aNL 200 1 $aItalienische Interpretationen zum Übermenschen Nietsches$evon D'Annunzio bis heute, im Horizont der Differenz$fGiorgio Penzo 210 $a[Amsterdam]$cRodopi$d1994 215 $a356-379 p.$d22 cm 300 $aEstatto da: Perspektiven der Philosophie, Neues Jahrbuch 1994, Band 20 700 1$aPenzo$b, Giorgio$3A600200052763$4070$0159259 801 0$aIT$bUNISOB$c20171106$gRICA 850 $aUNISOB 852 $aUNISOB$j100|Opusc$m155547 912 $aSOBE00057297 940 $aM 102 Monografia moderna SBN 941 $aM 957 $a100|Opusc$b000382$gSI$d155547$rdono$tN$1menle$2UNISOB$3UNISOB$420171106134325.0$520171106134424.0$6menle 996 $aItalienische Interpretationen zum Übermenschen Nietsches$91726405 997 $aUNISOB